• 首页
  • 本馆介绍
  • 公告通知
  • 最新文献
  • 馆藏检索
  • 电子资源
  • 读者导购
  • 参考咨询
  • 我的图书馆
  • 登录
  • 详细信息显示
  • 放入我的书架
  • 预约/预借图书
  • 作者相关作品
  • 分类相关作品
  • 丛书相关作品
  • 出版社相关作品

书目信息

  • 表格格式
  • 工作单格式
  • 卡片格式
题名:
藏域春秋
    
 
作者: 才旺瑙乳 , 才让 著
分册: 上  
出版信息: 西宁   青海人民出版社  1998
页数: 2册(766页)
开本: 20cm
丛书名:
单 册:
中图分类: K281.4
科图分类:
主题词: 藏族--民族历史--中国
电子资源:
ISBN: 7-225-01481-1
000 00696nam0 2200241 450
001 0100694018
005 20020928000000.0
010    @a7-225-01481-1@dCNY19.50
011    @a7-225-01481-1
100    @a19981106d1998 emky0chiy0110 ea
101 0  @achi
102    @aCN@b630000
105    @ay z 000yd
106    @ar
200 1  @a藏域春秋@9Cang;Zang Yu Chun Qiu @f才旺瑙乳,才让著@b专著@h上
210    @a西宁@c青海人民出版社@d1998
215    @a2册(766页)@d20cm
606 0  @a藏族@x民族历史@y中国
690    @aK281.4@v3
701  0 @c(藏)@a才旺瑙乳@f(1965~)@9cai wang nao ru@4著
701  0 @a才让@9cai rang@4著
801  0 @aCN@bAiZhiMarc@c19990215
905    @aBZT@dK281.4@e1:1@f1@sK281.4/1:1
    
    藏域春秋/才旺瑙乳,才让著.上.-西宁:青海人民出版社,1998
    2册(766页);20cm
    
    
    ISBN 7-225-01481-1:CNY19.50
    
●
相关链接 在五车中查询图书 在当当中查询图书 在豆瓣中查询图书


正题名:藏域春秋     索取号:K281.4/1:1         预约/预借

序号 登录号 条形码 馆藏地/架位号 状态 备注
1 2000102912   2000102912   旧书回溯/ [索取号:K281.4/1:1] 在馆    
山东省滨州职业学院图书馆 欢迎您!
大连网信软件有限公司© 版权所有